000 00587nam a2200217Ia 4500
003 OSt
005 20221007070219.0
006 a|||||r|||| 00| 0
007 ta
008 221006b |||||||| |||| 00| 0 eng d
024 _a14,742
037 _cTextual
040 _aFLL
_cFLL
_beng
041 _2eng
_aeng
082 _aX:9p1,N0, M1
245 0 _aInternational labour conference sixty six session 1980
260 _aGeneva
_bInternational labour office Geneva
_c1981
300 _a1342p
_ccm.
942 _hX:9p1,N0, M1
_cTEXL
_2CC
999 _c1139818
_d1139818